书目信息 |
| 题名: |
装修装饰CAD绘图快速入门
|
|
| 作者: | 谭荣伟 编著 | |
| 分册: | ||
| 出版信息: | 北京 化学工业出版社 2017.1 |
|
| 页数: | 264页 | |
| 开本: | 26cm | |
| 丛书名: | ||
| 单 册: | ||
| 中图分类: | TU238-39 | |
| 科图分类: | ||
| 主题词: | 室内装饰--建筑制图--AutoCAD软件 | |
| 电子资源: | ||
| ISBN: | 978-7-122-28532-4 | |
| 000 | 00828nam0 2200241 450 | |
| 001 | 0400003742 | |
| 005 | 20171026095235.51 | |
| 010 | @a978-7-122-28532-4@dCNY58.00 | |
| 100 | @a20170328d2017 em y0chiy50 ea | |
| 101 | 0 | @achi |
| 102 | @aCN@b110000 | |
| 105 | @aa z 000yy | |
| 106 | @ar | |
| 200 | 1 | @a装修装饰CAD绘图快速入门@9zhuang xiu zhuang shi CAD hui tu kuai su ru men@f谭荣伟等编著 |
| 205 | @a第2版 | |
| 210 | @a北京@c化学工业出版社@d2017.1 | |
| 215 | @a264页@d26cm | |
| 330 | @a本书介绍AutoCAD在装修装饰设计及施工管理工作中的操作应用方法与绘图技巧,包括CAD基本使用功能与高级操作技巧以及各种图形的绘制与编辑修改方法。 | |
| 606 | 0 | @a室内装饰@x建筑制图@xAutoCAD软件 |
| 690 | @aTU238-39@v5 | |
| 701 | 0 | @a谭荣伟@9tan rong wei@4编著 |
| 801 | 0 | @aCN@b91MARC@c20171022 |
| 905 | @b1034166-70@dTU238-39@f5@e1191=2 | |
| 装修装饰CAD绘图快速入门/谭荣伟等编著.-第2版.-北京:化学工业出版社,2017.1 |
| 264页;26cm |
| ISBN 978-7-122-28532-4:CNY58.00 |
| 本书介绍AutoCAD在装修装饰设计及施工管理工作中的操作应用方法与绘图技巧,包括CAD基本使用功能与高级操作技巧以及各种图形的绘制与编辑修改方法。 |
| ● |
| 相关链接 |
|
|
|
|
正题名:装修装饰CAD绘图快速入门
索取号:TU238-39/1191=2
 
预约/预借
| 序号 | 登录号 | 条形码 | 馆藏地/架位号 | 状态 | 备注 |
| 1 | 1034166 | 210341664 | 第二样本阅览室/ [索取号:TU238-39/1191=2] | 在馆 | |
| 2 | 1034167 | 210341673 | 第三借阅区/ [索取号:TU238-39/1191=2] | 在馆 | |
| 3 | 1034168 | 210341682 | 第三借阅区/ [索取号:TU238-39/1191=2] | 在馆 | |
| 4 | 1034169 | 210341691 | 第三借阅区/ [索取号:TU238-39/1191=2] | 在馆 | |
| 5 | 1034170 | 210341708 | 密集书库-生命科学系/ [索取号:TU238-39/1191=2] | 在馆 |